| 000 | 01520nam a22002897a 4500 | ||
|---|---|---|---|
| 003 | OSt | ||
| 005 | 20250521160323.0 | ||
| 008 | 200218t2015 ag a|||cr|||| 000 fdspa d | ||
| 020 | _a9789877312218 | ||
| 040 |
_aCO-JMCR _cCO-JMCR |
||
| 041 | 0 | _aspa | |
| 082 | 0 | 4 |
_aJ-N _bBAYm |
| 100 | 1 |
_aBayona, Victoria, _eautora _9689 |
|
| 245 | 1 | 3 |
_aLa maestra / _cVictoria Bayona ; ilustraciones de, Juan Chavetta |
| 250 | _aPrimera edición | ||
| 260 |
_aBuenos Aires : _bSm, _c2015 |
||
| 300 |
_a143 páginas : _bilustraciones a blanco y negro ; _c19 cm. |
||
| 490 |
_aEl Barco de Vapor ; _v4 |
||
| 500 | _aDatos biográficos de la autora en tapa posterior. | ||
| 505 | _aLa maestra -- Sabrina -- Merienda -- Primeros indicios -- Mal momento -- Investigación -- La ultima "Aurora" -- El plan -- Tarde de madrinas -- Internet -- Mala energía -- Agenda -- Pensamientos -- Escaleras -- AZ3-41 -- Increíble -- Naktum -- Oscuridad -- Almuerzo Entrenamiento -- Amigos -- Reclusión -- El salón de los rebeldes -- Reacciono -- Trabajo -- Cuarta falta -- Mensajes -- Cazadores de galaxia -- Quinta falta -- Sexta falta -- Distracción -- Escape -- Aeroparque -- Mamá -- Cabo Kenedy, 25 de marzo de 2031 | ||
| 520 | _aLa nueva maestra es demasiado perfecta. Y encima, a francisco lo mira de un modo raro, como desafiándolo. | ||
| 521 |
_a+9 años _bTapa posterior. |
||
| 650 | 1 | 4 |
_aLiteratura _xinfantil _9690 |
| 650 | 2 | 4 |
_aLiteratura _xjuvenil _9691 |
| 700 | 1 |
_aChavetta, Juan, _eilustrador _9692 |
|
| 942 |
_2ddc _cBK |
||
| 999 |
_c6544 _d6544 |
||